Normal view
MARC view
Entry Topical Term
001 - CONTROL NUMBER
- control field: 57085
003 - CONTROL NUMBER IDENTIFIER
- control field: OSt
005 - DATE AND TIME OF LATEST TRANSACTION
- control field: 20251008145908.0
008 - FIXED-LENGTH DATA ELEMENTS
- fixed length control field: 251008|| aca||aabn | a|a d
040 ## - CATALOGING SOURCE
- Original cataloging agency: OSt
- Transcribing agency: OSt
150 ## - HEADING--TOPICAL TERM
- Topical term or geographic name entry element: Information technology (IT). Work-from-home (WFH). Flexible work. Gender. India.
670 ## - SOURCE DATA FOUND
- Source citation: Work cat.: (OSt): Subramaniam, Anuza and Karunakaran, Kalpana 57084, Reworking ‘flexibility’: Work-from-home experiences of first-generation graduates employed in the Indian information technology sector
